000 01153nam0a22002651 4500
001 rc\764625
005 20260407001523.0
035 _a(NLR Aleph) 006291903
090 _a7158938
_c7158938
100 _a20040301d1985 |||y0rusy50 ca
101 0 _arus
102 _aRU
105 _aa |||||||||
200 1 _aЛеонид Резницкий
_eЖивопись. Графика
_eКат. выставки
_f[Сост. О.В. Григорьева, В.А. Невельсон
_gАвт. вступ. ст. А.В. Каминский]
210 _aМ.
_cСов. художник
_d1985
215 _a[24] с.
_cил.
_d21
300 _aВ надзаг.: Моск. орг. Союза художников РСФСР
702 1 _4220
_7ca
_8rus
_aГригорьева
_bО. В.
_cредактор
_gОльга Владимировна
_9260693
_3RU\NLR\AUTH\770260749
710 1 0 _aРезницкий,
_gЛеонид Львович
_hВыставка произведений
_f1985
_eМосква
_3RU\NLR\AUTH\889991894
_9479813
801 0 _aRU
_bNLR
_gpsbo
801 1 _aRU
_bELAR
_2rusmarc
852 _aNLR
_bЭ
_jКП/Р344
942 _cBOOK
980 _aNB